| 000 | 00537 a2200193 4500 | ||
|---|---|---|---|
| 005 | 20260202163344.0 | ||
| 008 | 260130b |||||||| |||| 00| 0 eng d | ||
| 020 |
_a9789359196602 _cRs. 3495.00 |
||
| 040 | _aMAIN | ||
| 082 |
_a333.792 _bG959F |
||
| 100 | _aGupta, S K | ||
| 245 | _aFundamentals of renewable energy and green technologies | ||
| 260 |
_bDaya Publishing House _c2024 _aNew Delhi |
||
| 300 | _axiii, 443 | ||
| 650 | _aEnvironmental Science | ||
| 650 | _aEnergy Sources | ||
| 650 | _aGreen Technologies | ||
| 942 | _cBK | ||
| 999 |
_c395734 _d395734 |
||